| 000 | 00000nam##2200000za#4500 |
| 001 | 9.535591 |
| 003 | CaOODSP |
| 005 | 20200331232947 |
| 007 | ta |
| 008 | 150406|2001||||xxc||||| f|0| 0 fre|d |
| 020 | |a0-660-61715-3 |
| 040 | |aCaOODSP|bfre |
| 041 | |aeng |
| 041 | |afre |
| 043 | |an-cn--- |
| 086 | 1 |aBT31-4/61-2001 |
| 110 | 1 |aCanada. |bConseil du trésor. |
| 245 | 10|aBureau de l'Enquêteur correctionnel |
| 260 | |aOttawa - Ontario : |bSecrétariat du Conseil du Trésor du Canada |c2001. |
| 300 | |aTexte français, 19p. : |bgraphiques, organigramme, tableaux ; |c28 cm. |
| 490 | 1 |aRapport sur le rendement pour la période se terminant le 31 mars 2001 |
| 546 | |aBilingue |
| 563 | |aCouverture souple |
| 590 | |a01-46|b2001-11-16 |
| 691 | 07|aPrévisions budgétaires|2gcpds |
| 691 | 07|aInstitution fédérale|2gcpds |
| 691 | 07|aEnquête|2gcpds |
| 691 | 07|aSystème judiciaire|2gcpds |
| 776 | 0#|tOffice of the Correctional Investigator, performance report for the period ending March 31, 2001 |w(CaOODSP)9.569257 |
| 776 | 0#|tBureau de l'Enquêteur correctionnel, rapport sur le rendement pour la période se terminant le 31 mars 2001 |w(CaOODSP)9.600485 |
| 791 | |tOffice of the Correctional Investigator |eeng|w(CaOODSP)9.535590 |
| 830 | #0|aRapport sur le rendement pour la période se terminant le 31 mars 2001.|w(CaOODSP)9.508981 |